Statistiken für Alle Pokémon mit "B"

Klicken Sie hier um das Quiz zu spielen!

Allgemein

  • Dieses Quiz wurde 70 mal gespielt
  • Das Durchschnittsergebnis liegt bei 18 aus 51

Antwortstatistiken

TypPokémon% Korrekt
Pflanze / GiftBisaflor
92%
Pflanze / GiftBisaknosp
92%
Pflanze / GiftBisasam
92%
Käfer / GiftBibor
64%
Drache / FlugBrutalanda
56%
Wasser 💧Bamelin
52%
Normal ✳Bidiza
52%
Wasser 💧Bojelin
52%
Käfer / PflanzeBurmadame
52%
Käfer 🐛Burmy
52%
Normal / WasserBidifas
48%
Elektro ⚡Blitza
48%
Flug 🐦Boreos
48%
Geist 👻Banette
44%
Pflanze 🌿Blubella
44%
Eis / FlugBotogel
44%
Pflanze / UnlichtBlanas
40%
Psycho 🧠Brimova
40%
Käfer / GiftBluzuk
36%
Elektro ⚡Britzigel
36%
Stahl / PsychoBronzel
36%
Stahl / PsychoBronzong
36%
Normal ✳Bummelz
36%
Wasser / GiftBaldorfish
32%
Pflanze / FlugBauz
32%
Elektro ⚡Bellektro
32%
Psycho 🧠Brimano
32%
Wasser 💧Barschuft
28%
Wasser 💧Barschwa
28%
Gestein / WasserBithora
28%
Elektro ⚡Blipp
28%
Gestein ⛰Brockoloss
28%
Gestein / DracheBalgoras
24%
Normal ✳Bisofank
24%
Wasser / BodenBranawarz
24%
Unlicht / FeeBähmon
20%
Käfer / FeeBandelby
20%
Gestein / StahlBollterus
20%
Pflanze / KampfBrigaron
20%
Fee / PsychoBrüllschweif
20%
Wasser 💧Barrakiefa
16%
Unlicht / NormalBarrikadax
16%
Gift / PsychoBenesaru
16%
Normal ✳Bissbark
16%
Pflanze / FeeBubungus
16%
Gift / FeeBeatori
12%
Gift / KampfBoninu
12%
Fee 🧚🏼‍♂️Backel
8%
Stahl / DracheBriduradon
8%
Wasser / KampfBailonda
4%
Unlicht / EisBaojian
4%

Verteilung der Resultate

Perzentil nach korrekt beantworteten Fragen

Anzahl Personen mit jedem Resultat

Ihre Resultats-Entwicklung

Sie haben dieses Quiz noch nicht gespielt